Statistics for U.S. States with Only 2 Words

Click here to take the quiz!

General Stats

  • This quiz has been taken 38 times
    (17 since last reset)
  • The average score is 9 of 10

Answer Stats

HintStates% Correct
4New York
100%
5North Carolina
100%
6North Dakota
100%
7South Carolina
100%
8South Dakota
100%
1New Hampshire
94%
2New Jersey
88%
3New Mexico
81%
10Rhode Island
75%
9West Virginia
75%

Score Distribution

Percentile by Number Answered

Percent of People with Each Score

Your Score History

You have not taken this quiz since the last reset